000 00846nam2a22002411 4500
001 v19\rc\2094454
005 20250620040736.0
035 _a(NLR Aleph) 005164540
090 _a5015869
_c5015869
100 _a20081218d1914 |||y0rusy50 ca
101 0 _arus
102 _aRU
105 _ay z |||||
200 1 _aЖурналы общих собраний и комиссий
_e[С прил.]
210 _d1914
_aБ. м.
215 _aXX, 128 с.
225 1 _a...
_vВып. 17
461 0 _1001v19\rc\2094453
_12001#$a[Материалы Съезда]$eЧ. 1-$vЧ. 1
_95015864
_aТобольский губ. с.-х. съезд (1 ; 1913)
_cКурган
_d1914
_oЧ. 1-
_t[Материалы Съезда]
_vЧ. 1
801 0 _aRU
_bNLR
_gpsbo
801 1 _aRU
_bProSoft-M
_2rusmarc
852 _aNLR
_j37.42.8.40(вып. 17)
942 _cBOOK
980 _aNB